| 000 | 00000nas 2200000zi 4500 |
| 001 | 9.938921 |
| 003 | CaOODSP |
| 005 | 20240603140858 |
| 006 | m o d f |
| 007 | cr ||||||||||| |
| 008 | 240603d19801993oncuu m o f0###a0eng|d |
| 040 | |aCaOODSP|beng|erda|cCaOODSP |
| 043 | |an-cn-on |
| 086 | 1 |aEn57-61E-PDF |
| 130 | 0 |aOntario region technical notes. |
| 245 | 10|aOntario region technical notes / |cAtmospheric Environment Service, Ontario region. |
| 246 | 3 |aORTN |
| 264 | 1|a[Toronto] : |bEnvironment Canada, Atmospheric Environment Service = Environnement Canada, Service de l'environnement atmosphérique, |c[1980?]-1992. |
| 310 | |aIrregular |
| 336 | |atext|btxt|2rdacontent |
| 337 | |acomputer|bc|2rdamedia |
| 338 | |aonline resource|bcr|2rdacarrier |
| 362 | 1 |aCeased with: 93-2 (May 1993). |
| 500 | |aDigitized edition from print [produced by Environment and Climate Change Canada]. |
| 588 | |aDescription based on: 89-2 (June 1989). |
| 650 | 0|aMeteorology|zOntario. |
| 650 | 6|aMétéorologie|zOntario. |
| 710 | 1 |aCanada. |bAtmospheric Environment Service (Ontario Region), |eissuing body. |